000 00482cam a2200181ua 4500
001 2381
008 110808n ii |||gr||||Z||||||eng
040 _cMAIN
082 _a327
100 1 _aGooptu, Amiya.,
_eAuthor.
245 _aAn image of the contemporary World.
_cBy Amiya gooptu.
250 _a1st.
260 _aDelhi:
_bOxford University press,987.
300 _a109 p.:
_c20 cm.
653 _aPolitical science.
653 _aImage of the contemporary world.
942 _cBK
999 _c2238
_d2238